000
00284nam a2200109Ia 4500
008
220204s9999 xx 000 0 und d
082
_a
546.21
_b
HIT;1
100
_a
Hitchman, Michael L
245
0
_a
Measurement of dissolved oxygen
260
_a
New York
_b
John Wiley
_c
1978
942
_c
BK
999
_c
31367
_d
31367